Entry Personal Name
Number of records used in: 1
001 - CONTROL NUMBER
003 - CONTROL NUMBER IDENTIFIER
005 - DATE AND TIME OF LATEST TRANSACTION
- control field:
20191231101452.0
008 - FIXED-LENGTH DATA ELEMENTS
- fixed length control field:
851118n| acannaab| |n aaa |||
010 ## - LIBRARY OF CONGRESS CONTROL NUMBER
- LC control number:
n 85184374
040 ## - CATALOGING SOURCE
- Original cataloging agency:
DLC
- Transcribing agency:
DLC
- Modifying agency:
DLC
100 10 - HEADING--PERSONAL NAME
- Personal name:
Hoag, Arleen J.,
- Dates associated with a name:
1944-
670 ## - SOURCE DATA FOUND
- Source citation:
Her Introductory economics, 1986:
- Information found:
CIP t.p. (Arleen J. Hoag, Owens Technical Coll.) data sheet (b. 8/31/44)